|
|
|
|
| LEADER |
00000nab a2200000 a 4500 |
| 001 |
vtls000302695 |
| 003 |
SK-MaSNL |
| 005 |
20260305001444.0 |
| 008 |
111201c1988 xo 0 slo |
| 015 |
|
|
|a SNBRB19rr/mm-uuuuu
|
| 035 |
|
|
|a CL0312814
|
| 040 |
|
|
|a SNKBUCL
|b slo
|c SNKBUCL
|e AACR2
|
| 041 |
0 |
|
|a slo
|
| 044 |
|
|
|a xo
|c SK
|
| 080 |
|
|
|a 327(100-19)(410)
|2 1981
|
| 100 |
1 |
|
|a Zagar, Bedrich,
|d 1928-2008
|4 aut
|9 5122
|
| 245 |
1 |
0 |
|a Brutalita a cynizmus
|c Bedrich Zagar
|
| 650 |
0 |
7 |
|a vnútorná politika
|2 snkbucl
|9 970
|
| 651 |
|
7 |
|a Veľká Británia
|2 snkbucl
|9 20930
|
| 651 |
|
7 |
|a Severné Írsko
|2 snkbucl
|9 49302
|
| 655 |
|
7 |
|a články z novín a časopisov
|2 snkbucl
|9 267496
|
| 773 |
0 |
|
|t Pravda
|g Roč. 69, č. 48 (27. 2. 1988), s. 5
|
| 850 |
|
|
|a Slovenská národná knižnica v Martine
|a MTA001
|
| 852 |
|
|
|a SNK
|b KIS3GCP
|
| 958 |
|
|
|a RK
|
| 992 |
|
|
|a RBX
|
| 999 |
|
|
|c 3219513
|d 3221443
|